书目信息 |
| 题名: |
趣味推理
|
|
| 作者: | 赵经验 , 吴焕成 编译 | |
| 分册: | ||
| 出版信息: | 北京 警官教育出版社 1996 |
|
| 页数: | 6册 | |
| 开本: | 19cm | |
| 丛书名: | ||
| 单 册: | ||
| 中图分类: | G898.2 | |
| 科图分类: | 39.996 | |
| 主题词: | 智力测验--通俗读物 | |
| 电子资源: | ||
| ISBN: | 7-81027-436-8 | |
| 000 | 00734nam0 2200241 45 | |
| 001 | 0196038303 | |
| 005 | 20070708091839.92 | |
| 010 | @a7-81027-436-8@dCNY35.40 | |
| 100 | @a19960812d1996 em y0chiy0121 ea | |
| 101 | 1 | @achi@cjpn |
| 102 | @aCN@b110000 | |
| 105 | @ay z 000yy | |
| 200 | 10 | @a趣味推理@AQU WEI TUI LI@e一分钟破案@EYI FEN ZHONG PO AN@f赵经验,吴焕成编译@FZHAO JING YAN , WU HUAN CHENG BIAN YI |
| 210 | @a北京@c警官教育出版社@d1996 | |
| 215 | @a6册@d19cm | |
| 517 | 1 | @a一分钟破案@AYI FEN ZHONG PO AN |
| 606 | @a智力测验@x通俗读物 | |
| 690 | @aG898.2 | |
| 692 | @a39.996 | |
| 701 | 0 | @a赵经验@AZHAO JING YAN@4编译 |
| 701 | 0 | @a吴焕成@AWU HUAN CHENG@4编译 |
| 801 | 0 | @aCN@bTSSF@c20070708 |
| 905 | @a10447@dG898.2@e257 | |
| 趣味推理:一分钟破案/赵经验,吴焕成编译.-北京:警官教育出版社,1996 |
| 6册;19cm |
| ISBN 7-81027-436-8:CNY35.40 |
| ● |
| 相关链接 |
|
|
|
|
正题名:趣味推理
索取号:G898.2/257
 
预约/预借
| 序号 | 登录号 | 条形码 | 馆藏地/架位号 | 状态 | 备注 |
| 1 | 0766625 | 207666257 | 第一样本阅览室/ [索取号:G898.2/257] | 在馆 |